000 00591nmm a2200193Ia 4500
008 251105s9999||||xx |||||||||||||||||und||
020 _a9788433980809
041 _aspa
100 _aRamos Mena, Francisco José
245 0 _aRuta de escape
264 _a[Madrid, España] :
_bEditorial Anagrama,
_c[Fecha de publicación no identificada]
300 _a0 páginas
490 _aPanorama de narrativas
650 _aEnglish Narrative
700 _aRamos Mena, Francisco José
700 1 _a Sands, Philippe
856 _uhttps://public.digitaliapublishing.com/a/80152
942 _cCF
999 _c70338
_d70338